00816nam a2200193Ia 4500003000900000008004100009020001800050040001600068080002200084111008900106245016300195260006100358300001600419490003400435650003800469650004900507700002600556710004000582IN-BaIIA211028s9999 xx 000 0 eng d a1-58381-209-1 cIIA Library a082.2:52bASP-342 aMeeting on 1604-2004- Supernovae as Cosmological LighthousescItalyd2004 June 15-19 0a1604-2004- supernovae as cosmological lighthousesbproceedings of a meeting held in Padova, Italy, 15-19 June, 2004cedited by Massimo Turatto  aSan FranciscobAstronomical Society of the Pacificc2005 axxiv, 512p. aASP conference series; v. 342 aCosmological distances-congresses aSupernovae as distance indicators-congresses aTuratto, Massimo, ed. aAstronomical Society of the Pacific